| 000 | 01375nam a22003017a 4500 | ||
|---|---|---|---|
| 005 | 20080918163843.0 | ||
| 008 | 080918t xxu||||| |||| 00| 0 hin d | ||
| 010 | _aHIN-92671 | ||
| 020 |
_a9788190700184 _c200.00 |
||
| 035 | _aHN-65017 | ||
| 037 | _bDBAD / PUB | ||
| 040 |
_aDPL _bHN |
||
| 082 | _aउ | ||
| 100 |
_9747 _aसिंह, मंजु |
||
| 245 |
_aसम्यक्- सुरमईः _cमंजु सिंह _bउपन्यास / |
||
| 260 |
_aकानपुर _bसिंह ब्रदर्स _c2010 |
||
| 270 |
_aएल-125/19 गोविन्द नगर _bकानपुर _e208006 _k9935121729 |
||
| 300 |
_a248पृ. _c19सेमी (सजिल्द) |
||
| 650 |
_9697 _aहिन्दी कथा साहित्य |
||
| 650 |
_9698 _aHindi Novel |
||
| 700 | _927881 | ||
| 700 | _927882 | ||
| 700 | _927883 | ||
| 942 |
_2ddc _cHN _mसिंहमं _hउ |
||
| 999 |
_c52292 _d52292 |
||